Indian caste system : (Record no. 9617)

MARC details
000 -LEADER
fixed length control field 00746 a2200205 4500
010 ## - LIBRARY OF CONGRESS CONTROL NUMBER
LC control number ENG-88976
020 ## - INTERNATIONAL STANDARD BOOK NUMBER
Terms of availability 580.00
International Standard Book Number 8182201357
035 ## - SYSTEM CONTROL NUMBER
System control number EN-72509
037 ## - SOURCE OF ACQUISITION
Source of stock number/acquisition DBAD / PUB
082 14 - DEWEY DECIMAL CLASSIFICATION NUMBER
Classification number 305.5
090 ## - LOCALLY ASSIGNED LC-TYPE CALL NUMBER (OCLC); LOCAL CALL NUMBER (OCLC)
-- 9796
-- 9796
245 10 - TITLE STATEMENT
Title Indian caste system :
Statement of responsibility, etc edited by Bhupen Chaudhary
Remainder of title essence and reality /
260 ## - PUBLICATION, DISTRIBUTION, ETC. (IMPRINT)
Place of publication, distribution, etc New Delhi
Name of publisher, distributor, etc Global Vision Publishing House
Date of publication, distribution, etc 2006
270 ## - ADDRESS
Address F-4, 1st Floor, `Hari Sadan' 20, Ansari Road, Daryaganj,
City New Delhi
Postal code 110 002
300 ## - PHYSICAL DESCRIPTION
Extent v, 246p.
Dimensions 22 cm ( Hb)
500 ## - GENERAL NOTE
General note Includes bibliographical references and index
700 ## - ADDED ENTRY--PERSONAL NAME
Personal name Chaudhary, Bhupen
942 ## - ADDED ENTRY ELEMENTS (KOHA)
Institution code [OBSOLETE] dpl
Koha item type English Books
Call number prefix 305.5/ IND
Holdings
Withdrawn status Lost status Source of classification or shelving scheme Damaged status Not for loan Collection code Home library Current library Source of acquisition Cost, normal purchase price Total Checkouts Full call number Barcode Date last seen Copy number Uniform Resource Identifier Cost, replacement price Price effective from Koha item type
    Dewey Decimal Classification   Not For Loan Non-fiction D.B.Act.Division D.B.Act.Division DBAD/PUB 580.00   305.5 EN-72509 15/09/2008 1 10606 580.00 15/09/2008 English Books

© Delhi Public Library
Hit Counter
free hit counter